Estadísticas para Capitales de África

Haz click aquí para intentar la prueba.

Estadísticas generales

  • Esta prueba ha sido intentada 17.943 veces
  • La puntuación promedio es 32 de 57

Estadísticas de respuestas

PaísCapital% Correcto
ArgeliaArgel
95%
EgiptoEl Cairo
92%
MarruecosRabat
83%
KeniaNairobi
79%
TúnezTúnez
79%
AngolaLuanda
74%
LibiaTrípoli
74%
SenegalDakar
73%
Sudáfrica (executivo)Pretoria
71%
EtiopíaAdís Abeba
70%
MadagascarAntananarivo
70%
Guinea-BisáuBisáu
70%
Sudáfrica (legislativo)Ciudad del Cabo
70%
YibutiYibuti
68%
Santo Tomé y PríncipeSanto Tomé
64%
GhanaAcra
63%
Congo (Rep. Dem.)Kinsasa
63%
MozambiqueMaputo
63%
Congo (Rep.)Brazzaville
60%
Sierra LeonaFreetown
60%
GabónLibreville
60%
Cabo VerdePraia
60%
CamerúnYaundé
60%
NigeriaAbuya
58%
SeychellesVictoria
57%
Benín (oficial)Porto Novo
55%
Burkina FasoUagadugú
55%
SudánJartum
54%
SomaliaMogadiscio
54%
LiberiaMonrovia
53%
GuineaConakri
51%
BotsuanaGaborone
51%
EritreaAsmara
49%
UgandaKampala
49%
TogoLomé
49%
Guinea EcuatorialMalabo
49%
ChadYamena
49%
MauritaniaNuakchot
47%
NamibiaWindhoek
47%
MaliBamako
46%
ZimbabueHarare
46%
Costa de MarfilYamusukro
46%
RuandaKigali
45%
MauricioPort Louis
45%
TanzaniaDodoma
44%
NígerNiamey
44%
Sudán del SurYuba
44%
GambiaBanjul
43%
República
Centroafricana
Bangui
42%
BurundiGitega
42%
ZambiaLusaka
42%
ComorasMoroni
42%
MalauiLilongüe
41%
LesotoMaseru
40%
SuazilandiaMbabane
39%
Sudáfrica (judicial)Bloemfontein
31%
Benín (de facto)Cotonú
23%

Distribución de puntuación

Porcentaje por número respondido

Porcentaje de gente con cada puntuación

Historial de tus puntuaciones

No has intentado esta prueba.